| 000 | 00603nam a2200205 4500 | ||
|---|---|---|---|
| 003 | SEACOMEC | ||
| 005 | 20240316130709.0 | ||
| 008 | 240316b |||||||| |||| 00| 0 eng d | ||
| 020 |
_a 978-1555583323 _cRs.495.00 |
||
| 040 | _aSEACOMEC | ||
| 041 | _aEnglish | ||
| 082 |
_a005.8 _bR212 |
||
| 100 | _aRansome, James F. | ||
| 245 |
_aVoice over Internet Protocol (VoIP) Security _cJames F. Ransome and John W. Rittinghouse |
||
| 260 |
_aNew Delhi _b Elsevier _c 2006 |
||
| 300 |
_a432p _c19.7 x 2.5 x 24.1 cm |
||
| 650 | _aComputer Programming | ||
| 700 | _a Rittinghouse , John W. | ||
| 942 | _cBOOK | ||
| 999 |
_c813 _d813 |
||